000 00180nam a22000977a 4500
082 _a823
_bUNK/C
100 _aUNKNOWN
245 _aCINDERELLA
650 _aENGLISH STORY
942 _cBK
999 _c7502
_d7502